The CIBA collection of Medical illustrations: Musculoskeletal system (Record no. 8211)
[ view plain ]
| 000 -LEADER | |
|---|---|
| fixed length control field | 00799nam a2200217 4500 |
| 020 ## - INTERNATIONAL STANDARD BOOK NUMBER | |
| ISBN | 0-914168-16-9 |
| 050 ## - CALL NUMBER | |
| Classification number | QM25 .N36 |
| 100 ## - AUTHOR | |
| Personal name | Netter, Frank H. (Frank Henry), 1906-1991. |
| 245 ## - TITLE | |
| Title | The CIBA collection of Medical illustrations: Musculoskeletal system |
| Remainder of title | Trauma, evaluation, and Management. |
| Statement of responsibility, etc | Frank H. Netter, James D. Heckman, Regina V. Dingle, Henry J. Mankin and M. Ashley |
| 260 ## - PUBLICATION INFORMATION | |
| Place of publication | New Jersey |
| Name of publisher | CIBA-GEIGY Corporation |
| Year of publication | 1993 |
| 300 ## - DESCRIPTION | |
| Number of Pages | 222pg |
| Other physical details | illustrations |
| 440 ## - SERIES | |
| SERIES | The CIBA Collection of Medical illustrations. |
| 500 ## - NOTES | |
| General note | includes biblio. reference and index |
| 650 ## - SUBJECTS | |
| Topical Term | Pathology--Atlases. |
| 650 ## - SUBJECTS | |
| Topical Term | Human physiology. |
| 650 ## - SUBJECTS | |
| Topical Term | Anatomy |
| 650 ## - SUBJECTS | |
| Topical Term | Trauma management. |
| 700 ## - OTHER AUTHORS | |
| Personal name | Heckman, James D. |
| 700 ## - OTHER AUTHORS | |
| Personal name | Dingle, Regina V. |
| 942 ## - ADDED ENTRY ELEMENTS (KOHA) | |
| Koha item type | Books |
| Withdrawn status | Lost status | Collection code | Home library | Current library | Shelving location | Date acquired | Source of acquisition | Full call number | Accession Number | Koha item type |
|---|---|---|---|---|---|---|---|---|---|---|
| Reference | Methodist University Library Main | Methodist University Library Main | General Stacks | 21/12/2021 | Donation | QM25 .N36 | 8545 | Books | ||
| Reference | Methodist University Library Main | Methodist University Library Main | General Stacks | 21/12/2021 | Donation | QM25 .N36 | 8546 | Books | ||
| Reference | Methodist University Library Main | Methodist University Library Main | General Stacks | 21/12/2021 | Donation | QM25 .N36 | 8544 | Books |